Essentials of engineering fluid mechanics (Record no. 10005)
[ view plain ]
| 000 -LEADER | |
|---|---|
| fixed length control field | 00729pam a2200265 4500 |
| 001 - CONTROL NUMBER | |
| JCCL Control Number | 10005 |
| 003 - CONTROL NUMBER IDENTIFIER | |
| JCCL marc code | BD-JhCC |
| 005 - DATE AND TIME OF LATEST TRANSACTION | |
| control field | 20180404110648.0 |
| 008 - FIXED-LENGTH DATA ELEMENTS--GENERAL INFORMATION | |
| fixed length control field | 730312s1973 nyua b 001 0 eng |
| 020 ## - INTERNATIONAL STANDARD BOOK NUMBER | |
| International Standard Book Number | 0700224327 |
| 035 ## - SYSTEM CONTROL NUMBER | |
| system control number | (BD-JhCC)10005 |
| 040 ## - CATALOGING SOURCE | |
| Original cataloging agency | DLC |
| Transcribing agency | DLC |
| Modifying agency | DLC |
| 041 ## - LANGUAGE CODE | |
| Language code of Book | eng |
| 050 00 - LIBRARY OF CONGRESS CALL NUMBER | |
| Classification number | TA357 |
| Item number | .O47 1973 |
| 082 00 - DEWEY DECIMAL CLASSIFICATION NUMBER | |
| Classification number | 620.1/06 |
| Author mark and Year | OLS 1964 |
| 100 1# - MAIN ENTRY--PERSONAL NAME | |
| Personal name | Olson, Reuben M. |
| 245 10 - TITLE STATEMENT | |
| Title | Essentials of engineering fluid mechanics |
| Statement of responsibility, etc | [by] Reuben M. Olson. |
| 250 ## - EDITION STATEMENT | |
| Edition statement | 3d ed. |
| 260 ## - PUBLICATION, DISTRIBUTION, ETC. (IMPRINT) | |
| Place of publication, distribution, etc | New York, |
| Name of publisher, distributor, etc | Intext Educational Publishers |
| Date of publication, distribution, etc | [1973] |
| 300 ## - PHYSICAL DESCRIPTION | |
| Pagination | 404 p. : |
| Other physical details | illus. |
| Dimensions | 25 cm. |
| 504 ## - BIBLIOGRAPHY, ETC. NOTE | |
| Bibliography, etc | Includes bibliographical references. |
| 650 #0 - SUBJECT ADDED ENTRY--TOPICAL TERM | |
| Topical term or geographic name as entry element | Fluid mechanics. |
| 942 ## - ADDED ENTRY ELEMENTS (KOHA) | |
| Source of classification or shelving scheme | Dewey Decimal Classification |
| Koha item type | Reference |
| Source of classification or shelving scheme | Damaged status | Not for loan | Home library | Current library | Shelving location | Date of accession | Total Checkouts | Full call number | Barcode | Date last seen | Copy number | Koha item type |
|---|---|---|---|---|---|---|---|---|---|---|---|---|
| Dewey Decimal Classification | JCC Rouf Library | JCC Rouf Library | General Stacks | 02/04/2018 | 620.1/06 OLS 1964 | 11162 | 04/04/2018 | C-1 | Reference |